000 01430nam a2200325 a 4500
001 ebr10441078
003 CaPaEBR
006 m u
007 cr cn|||||||||
008 110207s2010 enka s 001 0 eng d
020 _z9781849510943
020 _z9781849510950 (e-book)
040 _aCaPaEBR
_cCaPaEBR
035 _a(OCoLC)706458363
050 1 4 _aLB1028.68
_b.O47 2010eb
100 1 _aOlsen, Vanesa S.
245 1 0 _aMoodle 1.9 for teaching special education children (5-10 year olds)
_h[electronic resource] :
_bbeginner's guide : create courses and therapies for children with special educational needs using Moodle for effective e-learning /
_cVanesa S. Olsen.
260 _aBirmingham [England] :
_bPackt Pub.,
_c2010.
300 _av, 303 p. :
_bill. (some col.).
490 0 _aLearn by doing : less theory, more results
500 _aIncludes index.
533 _aElectronic reproduction.
_bPalo Alto, Calif. :
_cebrary,
_d2011.
_nAvailable via World Wide Web.
_nAccess may be limited to ebrary affiliated libraries.
630 0 0 _aMoodle.
650 0 _aSpecial education
_xComputer programs.
650 0 _aComputer-assisted instruction
_xComputer programs.
650 0 _aOpen source software.
655 7 _aElectronic books.
_2local
710 2 _aebrary, Inc.
856 4 0 _uhttp://site.ebrary.com/lib/rucke/Doc?id=10441078
_zAn electronic book accessible through the World Wide Web; click to view
999 _c135005
_d135005